| 000 | 00349 a2200109 4500 | ||
|---|---|---|---|
| 001 | ART_14521 | ||
| 005 | 20260410161915.0 | ||
| 008 | 260409a | ||
| 245 | 1 | 0 | _aLa promoción industrial en la Argentina; |
| 100 | 1 | _aRofman, Alejandro B. | |
| 773 | 0 |
_tRevista Paraguaya de Sociología _g- Año 13, Nº 36 (may./ago. 1976) _wREV13424 |
|
| 999 |
_c27181 _d27181 |
||